00413nam a2200145Ia 4500008004100000020001400041041000800055082001900063100003400082245008300116250000600199260002900205300001200234650002100246210716s1999 xx 000 0 und d a387988963 aeng a005.30287 BASI aBashir, Imran; Goel, Amrit L. aTesting object oriented software: life cycle solutions.bLife cycle solutions. a1 aNew YorkbSpringerc1999 axix,209 aSoftware Testing